Opciones de ahorro energético y de recursos en el diseño de la vivienda unifamiliar
Gorde:
| Egile nagusia: | |
|---|---|
| Formatua: | Liburua |
| Argitaratua: |
[San José, Costa Rica]
2008
|
| Gaiak: | |
| Etiketak: |
Etiketa erantsi
Etiketarik gabe, Izan zaitez lehena erregistro honi etiketa jartzen!
|
MARC
| LEADER | 00000nam a2200000Ia 4500 | ||
|---|---|---|---|
| 003 | 001113 | ||
| 005 | 20221231144100.0 | ||
| 008 | 140114s2008 c a 000 ||s d | ||
| 040 | |c cru CEDI | ||
| 090 | |a TFG 5638 | ||
| 100 | |a Mora Solano, Leonardo |9 4379 | ||
| 245 | |a Opciones de ahorro energético y de recursos en el diseño de la vivienda unifamiliar | ||
| 260 | |c 2008 |b [San José, Costa Rica] | ||
| 300 | |a 103, [22] hojas (algunas plegables); ilustraciones a color, mapas, planos | ||
| 500 | |a Tesis (licenciatura en ingeniería civil)--Universidad de Costa Rica. Escuela de Ingeniería Civil | ||
| 650 | |x CONSTRUCCION DE VIVIENDAS |x CONSERVACION DE LA ENERGIA |x CONSUMO DE ENERGIA ELECTRICA |x CONSUMO DE AGUA |9 4380 | ||
| 942 | |c TFG | ||
| 999 | |c 16623 |d 16623 | ||
